|
|
|
|
| LEADER |
02597nam a22004093i 4500 |
| 001 |
EBC6955667 |
| 003 |
MiAaPQ |
| 005 |
20231204023222.0 |
| 006 |
m o d | |
| 007 |
cr cnu|||||||| |
| 008 |
231204s2015 xx o ||||0 ger d |
| 020 |
|
|
|a 9783839404089
|q (electronic bk.)
|
| 020 |
|
|
|z 9783899424089
|
| 035 |
|
|
|a (MiAaPQ)EBC6955667
|
| 035 |
|
|
|a (Au-PeEL)EBL6955667
|
| 035 |
|
|
|a (OCoLC)1049911656
|
| 040 |
|
|
|a MiAaPQ
|b eng
|e rda
|e pn
|c MiAaPQ
|d MiAaPQ
|
| 100 |
1 |
|
|a Glasze, Georg.
|
| 245 |
1 |
0 |
|a Diskurs - Stadt - Kriminalität :
|b Städtische (Un-)Sicherheiten aus der Perspektive von Stadtforschung und Kritischer Kriminalgeographie.
|
| 250 |
|
|
|a 1st ed.
|
| 264 |
|
1 |
|a Bielefeld :
|b transcript,
|c 2015.
|
| 264 |
|
4 |
|c {copy}2015.
|
| 300 |
|
|
|a 1 online resource (325 pages)
|
| 336 |
|
|
|a text
|b txt
|2 rdacontent
|
| 337 |
|
|
|a computer
|b c
|2 rdamedia
|
| 338 |
|
|
|a online resource
|b cr
|2 rdacarrier
|
| 490 |
1 |
|
|a Urban Studies
|
| 505 |
0 |
|
|a Cover Diskurs- Stadt- Kriminalität -- INHALT -- Zu den Beiträgen dieses Bandes -- Die Verräumlichung von (Un-)Sicherheit, Kriminalität und Sicherheitspolitiken-Herausforderungen einer Kritischen Kriminalgeographie -- Regionalisierungen von Unsicherheit in der Kommunalen Kriminalprävention -- Diskursive Konstitution von Sicherheit im öffentlichen Raum am Beispiel Frankfurt am Main -- Räumliche Strategien kommunaler Kriminalpolitik in Ideologie und Praxis -- Neoliberaler Truppenaufmarsch? Nonprofits als Sicherheitsdienste in "benachteiligten" Quartieren -- Stadt und Unsicherheit. Entschlüsselungsversuche eines vertrauten Themas in stets neuen Facetten -- Verunsicherung und Einhegung- Fremdheit in öffentlichen Räumen -- Zur Produktion sicherer Räume: Lokale Sicherheitspolitik in Großbritannien am Beispiel Glasgow -- Subjektive Sicherheit und Etablierte-AußenseiterBeziehungen in heterogen strukturierten Stadtvierteln -- Autorinnen und Autoren.
|
| 588 |
|
|
|a Description based on publisher supplied metadata and other sources.
|
| 590 |
|
|
|a Electronic reproduction. Ann Arbor, Michigan : ProQuest Ebook Central, 2023. Available via World Wide Web. Access may be limited to ProQuest Ebook Central affiliated libraries.
|
| 655 |
|
4 |
|a Electronic books.
|
| 700 |
1 |
|
|a Pütz, Robert.
|
| 700 |
1 |
|
|a Rolfes, Manfred.
|
| 776 |
0 |
8 |
|i Print version:
|a Glasze, Georg
|t Diskurs - Stadt - Kriminalität
|d Bielefeld : transcript,c2015
|z 9783899424089
|
| 797 |
2 |
|
|a ProQuest (Firm)
|
| 830 |
|
0 |
|a Urban Studies
|
| 856 |
4 |
0 |
|u https://ebookcentral.proquest.com/lib/matrademy/detail.action?docID=6955667
|z Click to View
|